00589nam a2200169Ia 4500008004100000020001800041041000800059082001500067100003800082245004400120250000600164260006100170300001300231650002700244999001900271952012900290210716s2008 xx 000 0 und d a9780070248922 aeng a620.5 SAHV aSahni, Vishal;Goswami, Debabrata. aNanocomputing: the future of computing. a1 aNew DelhibTata McGraw Hill Publishing Company Ltdc2008 axxii,174 aNano Technology(620.5) c190656d190656 001040708MCAaAIMITbAIMITeKnowledge Worldg595.00l0o620.5 SAHVpMCA10164r2025-07-21 00:00:00v446.25w2021-07-16yBK